000 01159cam a22003617a 4500
003 CHAP
005 20220817043927.0
008 040224d2002 it rn 00110 eng d
010 _a88084
011 _a89056
020 _a9251048878
035 _a99605
040 _cCHAP
082 0 4 _a639.21822
_bF37 v.27
110 0 _aFAO. General Fisheries Council for the Mediterranean
_939568
245 1 0 _aReport of the session (27o)
_c/FAO. General Fisheries Council for the Mediterranean
260 _aRome :
_bFAO,
_c2002.
300 _a36 p.
410 0 0 _aFAO
490 0 _aGFCM report
_v; 27
590 _aBATCH-UPD
_b10
_c20130110
_lUCH01
_h0608
590 _aBATCH-UPD
_b10
_c20130410
_lUCH01
_h0250
590 _aBATCH-UPD
_b10
_c20130914
_lUCH01
_h1346
590 _aCONVERSION
_b10
_c20130109
_lUCH01
_h1349
650 1 4 _aPesca
_xRegión Mediterránea.
_987410
710 0 _aFAO. Comisión General de Pesca para el Mediterráneo.
_939486
810 0 _aFAO
830 0 0 _aGFCM report
_v; 27
_947819
901 _aBK
905 _aAlejandra Carrasco M.
942 _cLIBRO
949 _a639.21822 F37 v.27
_bBC
_cFAO
_d33724000914560
_eFAO1
_h104454
_i99605
_sb
999 _c88084
_d88084